INDIAN JOURNAL OF GASTROENTROLOGY (Record no. 1143219)

MARC details
000 -LEADER
fixed length control field 00334nam a2200145Ia 4500
008 - FIXED-LENGTH DATA ELEMENTS--GENERAL INFORMATION
fixed length control field 240112s2010 xx 000 0 und d
022 ## - INTERNATIONAL STANDARD SERIAL NUMBER
International Standard Serial Number 2548860
041 ## - LANGUAGE CODE
Language code of text/sound track or separate title eng
082 ## - DEWEY DECIMAL CLASSIFICATION NUMBER
Classification number 616.305
100 ## - MAIN ENTRY--PERSONAL NAME
Personal name CHOUDHARI G.
245 ## - TITLE STATEMENT
Title INDIAN JOURNAL OF GASTROENTROLOGY
260 ## - PUBLICATION, DISTRIBUTION, ETC.
Name of publisher, distributor, etc. IJG
Date of publication, distribution, etc. 2010
300 ## - PHYSICAL DESCRIPTION
Extent 250 HB
Dimensions 41791
440 ## - SERIES STATEMENT/ADDED ENTRY--TITLE
Volume/sequential designation 29
Holdings
Withdrawn status Lost status Damaged status Not for loan Collection Home library Current library Date acquired Source of acquisition Total Checkouts Full call number Barcode Date last seen Price effective from Koha item type
          Medical College & Hospital, Sangli Medical College & Hospital, Sangli 16/01/2024 ANNUAL SUBSCRIPTION   616.305 MCS-BV-2441 16/01/2024 16/01/2024 Bound Journals